Statistiques concernant Chansons de Renaud par n'importe quel mot

Cliquez ici pour prendre le quiz!

Statistiques générales

  • Ce quiz a été pris 356 fois
  • Le résultat moyen est 119 sur 202

Statistiques - réponses

AlbumsChansons% Correct
À la Belle de MaiÀ la belle de mai
99%
Rouge SangÀ la Close
99%
Rouge SangÀ la téloche
99%
Le Retour de Gérard LambertÀ quelle heure on arrive ?
99%
Boucan d'enferElle a vu le loup
99%
Ma gonzesseJ'ai la vie qui m'pique les yeux
99%
Rouge SangJe m'appelle Galilée
99%
Rouge SangJusqu'à la fin du monde
99%
Laisse bétonLa Bande à Lucien
99%
Amoureux de PanameLa Menthe à l'eau
99%
Putain de camionLa Mère à Titi
99%
Mistral gagnantLa Pêche à la ligne
99%
Ma gonzesseLa Tire à Dédé
99%
Marchand de caillouxLes Dimanches à la con
99%
Morgane de toiMa chanson leur a pas plu...
99%
Marchand de caillouxMa chanson leur a pas plu
99%
Marche à l'ombreMarche à l'ombre
99%
Les Mômes et les enfants d'abord !On va pas s'laisser pourrir
99%
Marche à l'ombreOù c'est qu'j'ai mis mon flingue
99%
Amoureux de PanameSociété tu m'auras pas
99%
Hors albumTouche pas à ma sœur !
99%
Les Mômes et les enfants d'abord !Y'a un monstre sous le lit
99%
Les Mômes et les enfants d'abord !Y z'ont mis l'feu à l'école
99%
Rouge SangAdieu l'enfance
98%
Marchand de caillouxL'Aquarium
98%
Marche à l'ombreL'Auto-Stoppeuse
98%
Laisse bétonLe Blues de la Porte d'Orléans
98%
RenaudL'Enfant différent
98%
Hors albumL'Envol du phénix
98%
Marche à l'ombreMimi l'ennui
98%
Rouge SangRien à te mettre
98%
Les Mômes et les enfants d'abord !C'est la récré
97%
Rouge SangDanser à Rome
97%
RenaudLa vie est moche et c'est trop court
97%
Mistral gagnantSi t'es mon pote
97%
Marchand de caillouxTant qu'il y aura des ombres (aux potes de la Sorgue)
97%
Hors albumToute seule à une table
97%
Hors albumLa petite vague qui avait le mal de mer
96%
Boucan d'enferL'Entarté
96%
Marchand de cailloux500 connards sur la ligne de départ
95%
Ma gonzesseC'est mon dernier bal
95%
Morgane de toiDoudou s'en fout
95%
Les Mômes et les enfants d'abord !Le Petit Crabe et la Langoustine
95%
Mistral gagnantLe Retour de la pépette
95%
À la Belle de MaiLe Sirop de la rue
95%
Boucan d'enferBoucan d'enfer
94%
À la Belle de MaiC'est quand qu'on va où ?
94%
Hors albumFanny de la Sorgue
94%
À la Belle de MaiLa Ballade de Willy Brouillard
94%
Le Retour de Gérard LambertLe Retour de Gérard Lambert
94%
Amoureux de PanameRita (chanson d'amour)
94%
Amoureux de PanameGueule d'aminche
93%
Laisse bétonLa Chanson du loubard
93%
Marche à l'ombrePourquoi d'abord ?
93%
Rouge SangEn la Selva
92%
Rouge SangJ'ai retrouvé mon flingue !
92%
RenaudLa Nuit en taule
92%
Ma gonzesseLe Tango de Massy-Palaiseau
92%
Boucan d'enferMon nain de jardin
92%
Rouge SangDans la jungle
91%
Morgane de toiDès que le vent soufflera
91%
Rouge SangLeonard's Song
91%
Le Retour de Gérard LambertLa Blanche
90%
Amoureux de PanameLa Coupole
90%
Amoureux de PanameLa Java sans joie
90%
Marche à l'ombreLes Aventures de Gérard Lambert
90%
Morgane de toiMorgane de toi
90%
Rouge SangArrêter la clope !
89%
Laisse bétonJe suis une bande de jeunes
89%
Marchand de caillouxLa Ballade nord-irlandaise
89%
Laisse bétonLa Boum
89%
À la Belle de MaiLa Médaille
89%
Marche à l'ombreLa Teigne
89%
À la Belle de MaiLe petit chat est mort
89%
Marchand de caillouxLe Tango des élus
89%
Rouge SangMa blonde
89%
Ma gonzesseMa gonzesse
89%
Marchand de caillouxC'est pas du pipeau
88%
RenaudJ'ai embrassé un flic
88%
Hors albumLe Petit Garçon
87%
Putain de camionPutain de camion
87%
Hors albumViens chez moi j'habite chez une copine
87%
Amoureux de PanameAmoureux de Paname
86%
Le Retour de Gérard LambertLe Père Noël noir
86%
Amoureux de PanameLe Gringalet
85%
Marchand de caillouxMarchand de cailloux
85%
Rouge SangPas de dimanches
85%
Hors albumSidi h'Bibi
85%
Laisse bétonJojo le démago
84%
Hors albumLe Camionneur rêveur
84%
Rouge SangFille de joie
83%
Le Retour de Gérard LambertJ'ai raté Télé-Foot
83%
Rouge SangRS & RS
83%
Marche à l'ombreDans mon H.L.M.
80%
Les Mômes et les enfants d'abord !J'aime rien
79%
À la Belle de MaiMon amoureux
74%
Le Retour de Gérard LambertMon beauf'
74%
Boucan d'enferMon bistrot préféré
72%
Hors albumMon paradis perdu
72%
Amoureux de PanameÉcoutez-moi les gavroches
71%
RenaudMon anniv'
71%
Rouge SangSentimentale mon cul !
71%
Mistral gagnantTu vas au bal ?
70%
Putain de camionMe jette pas
69%
Mistral gagnantMistral gagnant
69%
Mistral gagnantMorts les enfants
69%
Rouge SangLes Bobos
67%
Putain de camionAllongés sous les vagues
66%
Rouge SangLes Cinq sens
66%
Amoureux de PanamePetite Fille des sombres rues
66%
Laisse bétonLes Charognards
65%
RenaudLes Mots
65%
À la Belle de MaiDevant les lavabos
64%
Les Mômes et les enfants d'abord !Les Animals
64%
Morgane de toiPrès des auto-tamponneuses
64%
Ma gonzesseChanson pour Pierrot
60%
Marchand de caillouxDans ton sac
60%
Boucan d'enferJe vis caché
59%
Marchand de caillouxJe cruel
58%
Morgane de toiEn cloque
56%
Laisse bétonLaisse béton
56%
RenaudPour Karim et pour Fabien
56%
Marche à l'ombreIt Is Not Because You Are
55%
Putain de camionIl pleut
54%
Rouge SangElle est facho
53%
Hors albumEncore un rhum
53%
Les Mômes et les enfants d'abord !Ça va gueuler
51%
RenaudTa batterie
48%
Boucan d'enferManhattan-Kaboul
47%
Les Mômes et les enfants d'abord !Mes copains
44%
Boucan d'enferDocteur Renaud, Mister Renard
42%
Ma gonzesseCh'timi rock
40%
Mistral gagnantMiss Maggie
39%
À la Belle de MaiSon bleu
38%
RenaudToujours debout
37%
Le Retour de Gérard LambertBanlieue rouge
36%
Rouge SangRouge sang
34%
Putain de camionRouge-Gorge
33%
Amoureux de PanameHexagone
32%
Hors albumP'tit Dèj' blues
32%
Le Retour de Gérard LambertManu
29%
Boucan d'enferPetit Pédé
28%
Marchand de caillouxP'tit Voleur
28%
RenaudPetit Bonhomme
26%
Hors albumFallait pas !...
23%
Putain de camionCent ans
22%
RenaudPetite Fille slave
22%
Putain de camionChanson dégueulasse
21%
Mistral gagnantP'tite Conne
21%
Boucan d'enferTout arrêter…
19%
Ma gonzessePeau aime
18%
Ma gonzesseSans dec
17%
Le Retour de Gérard LambertÉtudiants poils aux dents
16%
Rouge SangNos vieux
16%
Laisse bétonGermaine
15%
Putain de camionPetite
14%
Laisse bétonAdieu Minette
13%
Boucan d'enferMal barrés
12%
À la Belle de MaiCheveu blanc
11%
Hors albumCorona Song
10%
Mistral gagnantTrois matelots
10%
Les Mômes et les enfants d'abord !L.O.L.I.T.A
9%
À la Belle de MaiLolito Lolita
9%
Boucan d'enferCœur perdu
8%
Morgane de toiDeuxième Génération
8%
Mistral gagnantFatigué
8%
Mistral gagnantBaby-sitting blues
7%
Amoureux de PanameCamarade bourgeois
7%
Morgane de toiDéserteur
7%
Rouge SangMalone
6%
Marche à l'ombreBaston !
5%
Amoureux de PanameGreta
5%
RenaudHéloïse
5%
Putain de camionJonathan
5%
Le Retour de Gérard LambertOscar
5%
Ma gonzesseSalut manouche
5%
Putain de camionTriviale Poursuite
5%
Laisse bétonMélusine
4%
Morgane de toiPochtron !
4%
Le Retour de Gérard LambertSoleil immonde
4%
Boucan d'enferBaltique
3%
Laisse bétonBuffalo débile
3%
Boucan d'enferCorsic'armes
3%
Les Mômes et les enfants d'abord !Parc Montsouris
3%
Putain de camionSocialiste
3%
Marchand de caillouxTonton
3%
À la Belle de MaiAdios Zapata !
2%
Hors albumAnaïs Nin
2%
RenaudDylan
2%
Rouge SangElsa
2%
RenaudHyper Cacher
2%
Morgane de toiLoulou
2%
Les Mômes et les enfants d'abord !Pinpon
2%
Hors album26-avr
1%
RenaudMulholland Drive
1%
Marchand de caillouxOlé !
1%
Hors albumWelcome Gorby
1%
Hors albumZénobe
1%
Hors albumÉthiopie
0%
Hors albumOurson prisonnier
0%
Hors albumPondichéry
0%
Hors albumPrincesse catalane
0%

Distribution des résultats

Percentile par nombre de réponses

% des personnes avec chaque résultat

Votre développement - résultats

Vous n’avez pas pris ce quiz